|
|
|
|
| LEADER |
01496nam a2200361 a 4500 |
| 001 |
31255 |
| 003 |
BD-DhAAL |
| 005 |
20160822104252.0 |
| 008 |
160822s2007 mdu b 001 0 eng |
| 010 |
|
|
|a 2006100960
|
| 020 |
|
|
|a 9780801886614 (hardcover : alk. paper)
|
| 020 |
|
|
|a 9780801886621 (pbk. : alk. paper)
|
| 020 |
|
|
|a 0801886619 (hardcover : alk. paper)
|
| 020 |
|
|
|a 0801886627 (pbk. : alk. paper)
|
| 040 |
|
|
|a DLC
|c DLC
|d YDX
|d BTCTA
|d BAKER
|d YDXCP
|d IXA
|d DLC
|
| 050 |
0 |
0 |
|a LA1058
|b .W67 2007
|
| 082 |
0 |
0 |
|a 378.5
|2 22
|
| 245 |
0 |
0 |
|a World class worldwide :
|b transforming research universities in Asia and Latin America /
|c edited by Philip G. Altbach and Jorge Balán.
|
| 260 |
|
|
|a Baltimore :
|b Johns Hopkins University Press,
|c 2007.
|
| 300 |
|
|
|a viii, 323 p. ;
|c 24 cm.
|
| 504 |
|
|
|a Includes bibliographical references and index.
|
| 526 |
|
|
|a AAL
|
| 541 |
|
|
|e 31255
|
| 650 |
|
0 |
|a Education, Higher
|z Asia.
|9 20350
|
| 650 |
|
0 |
|a Education, Higher
|z Latin America.
|9 20351
|
| 650 |
|
0 |
|a Education, Higher
|x Aims and objectives
|z Asia.
|9 20352
|
| 650 |
|
0 |
|a Education, Higher
|x Aims and objectives
|z Latin America.
|9 20353
|
| 700 |
1 |
|
|a Altbach, Philip G.
|9 20354
|
| 700 |
1 |
|
|a Balán, Jorge,
|d 1940-
|9 20355
|
| 852 |
|
|
|a Ayesha Abed Library
|c General Stacks
|
| 942 |
|
|
|2 ddc
|c BK
|
| 999 |
|
|
|c 37557
|d 37557
|
| 952 |
|
|
|0 0
|1 0
|2 ddc
|4 0
|6 378_500000000000000_WOR
|7 0
|9 59557
|a BRACUL
|b BRACUL
|c GEN
|d 2016-08-02
|e Trim Education
|g 4178.00
|l 0
|o 378.5 WOR
|p 3010031255
|r 2016-08-21
|t 1
|v 4178.00
|w 2016-08-02
|y BK
|